00416 2200157 4500245006400000020002200064250001100086100002500097650001800122005001900140260004300159041001400202084001000216300002300226336000900249 aMeraih Diri dan Meraih PrestasicBambang QomaruzzamanhText a978-979-3782-73-7 aCet. 1 aBambang Qomaruzzaman aMotivasi Diri a20230221101245 aBandungbSimbiosa Rekatama Mediac2011 aIndonesia a153.8 a148 hlm. :c21 cm. atext